Stolice województw Polski - quiz na mapie - Statystyki

Ogólne statystyki
  • Ten quiz został rozwiązany 18 379 razy
  • Średni wynik to 13 z 18
Odpowiedzi na mapie
Odpowiedzi zakodowano w zielono-czerwonej skali na mapie do tego quizu, zgodnie z poniższymi procentami.
 
Statystyki odpowiedzi
Odpowiedź % Poprawnych
Gdańsk
85%
Warszawa
84%
Białystok
80%
Kraków
79%
Szczecin
79%
Łódź
77%
Lublin
77%
Wrocław
77%
Poznań
76%
Opole
73%
Bydgoszcz
72%
Olsztyn
72%
Gorzów Wielkopolski
71%
Rzeszów
71%
Katowice
70%
Kielce
70%
Zielona Góra
69%
Toruń
64%
Nie znaleziono quizów pasujących do podanych kryteriów
Rozkład punktacji
Procent ludzi z każdym wynikiem
Percentyl według liczby udzielonych odpowiedzi
Twoja historia wyników
Nie rozwiązałeś tego quizu